| 000 | 00476nam a2200169 a 4500 | ||
|---|---|---|---|
| 001 | 000026407 | ||
| 005 | 20200930030215.0 | ||
| 008 | 110316s1968 mx r 000 0 spa d | ||
| 040 |
_aDO-SdBNP _bspa _cBNPHU |
||
| 082 |
_axxx _bT596p, 1968 |
||
| 100 | 1 |
_aTirado Benedí, Domingo _953453 |
|
| 245 | 1 | 0 |
_aPsicotecnía de la educación / _cDomingo Tirado Benedí. |
| 250 | _a2a ed. | ||
| 260 |
_aMéxico, D. F. : _bHerrero, _c1968. |
||
| 300 |
_a204 p. ; _c20 cm. |
||
| 049 | _aBNGR | ||
| 999 |
_c25899 _d25899 |
||